| 000 | 00769nam a22002177a 4500 | ||
|---|---|---|---|
| 003 | SEM | ||
| 005 | 20260305102424.0 | ||
| 008 | 260305s2009 ai ||||gr|||||||1|||arm|d | ||
| 020 | _a9789994174744 | ||
| 040 |
_aSEM _cSEM |
||
| 041 |
_aarm _arus |
||
| 080 | _a891.981.0/Զ-54 | ||
| 100 | _aԶեյթունցյան, Պերճ | ||
| 245 |
_aԱպրենք տասը պատվիրաններով / _cՊ. Զեյթունցյան ; Կազմ., առաջաբ., խմբ.՝ Խ. Ավագյան |
||
| 260 |
_aԵրևան : _bՀԳՄ հրատ., _c2009. |
||
| 300 |
_a656 էջ ; _c21 սմ |
||
| 650 | _aՀայ գրականագիտություն | ||
| 653 | _aՍԷՄ | ||
| 700 |
_aԱվագյան, Խաչատուր _eկազմ. _eառաջաբ. _eխմբ. _4comp. _4pref. _4edt. |
||
| 942 |
_2udc _cBK _n0 |
||
| 999 |
_c77175 _d77175 |
||